Statystyki dla Zdjęcia satelitarne - Polska

Kliknij tutaj aby rozwiązać quiz!

Ogólne statystyki

  • Ten quiz został rozwiązany 150 razy
  • Średni wynik to 7 z 12

Statystyki odpowiedzi

Odpowiedź% Poprawnych
Rzeka {Wisła}
98%
Stadion {Narodowy}
93%
Mierzeja {Helska}
87%
Zatoka {Gdańska}
80%
Zalew {Wiślany}
70%
Miasto {Świnoujście}
64%
Zalew {Szczeciński}
61%
Miasto {Wrocław}
54%
Cypel {Rewski}
23%
Jezioro {Solińskie}
23%
Jezioro {Dąbie}
14%
Jezioro {Dadaj}
0%

Rozkład punktacji

Percentyl według liczby udzielonych odpowiedzi

Procent ludzi z każdym wynikiem

Twoja historia wyników

Nie rozwiązałeś tego quizu